Investment trends (Record no. 110026)

MARC details
000 -LEADER
fixed length control field 00962cad a22002175a 4500
001 - CONTROL NUMBER
control field E148374
008 - FIXED-LENGTH DATA ELEMENTS--GENERAL INFORMATION
fixed length control field 090911s2009 xxkd f s 000 0 eng d
035 ## - SYSTEM CONTROL NUMBER
System control number (Sirsi) u148374
041 0# - LANGUAGE CODE
Language code of text/sound track or separate title eng
050 04 - LIBRARY OF CONGRESS CALL NUMBER
Classification number 333.33 $2 18
110 2# - MAIN ENTRY--CORPORATE NAME
Corporate name or jurisdiction name as entry element Drivers Jonas
9 (RLIN) 1941
245 00 - TITLE STATEMENT
Title Investment trends
Remainder of title summer report 2009
Medium [electronic resource]
260 ## - PUBLICATION, DISTRIBUTION, ETC.
Place of publication, distribution, etc. London
Name of publisher, distributor, etc. Drivers Jonas
Date of publication, distribution, etc. 2009
490 #0 - SERIES STATEMENT
Series statement Drivers Jonas Investment Trends
Volume/sequential designation Summer 2009
520 ## - SUMMARY, ETC.
Summary, etc. Reports that market confidence is improving and that there is not enough available stock to satisfy investor demand. Other characteristics of the market at the moment include falling rents, low transaction volumes and a two-tier investment market.
590 ## - LOCAL NOTE (RLIN)
Local note KA
651 #4 - SUBJECT ADDED ENTRY--GEOGRAPHIC NAME
Geographic name United Kingdom
Chronological subdivision
690 ## - LOCAL SUBJECT ADDED ENTRY--TOPICAL TERM (OCLC, RLIN)
Topical term or geographic name as entry element PROPERTY-COMMERCIAL PROPERTY-COMMERCIAL PROPERTY MARKET
856 40 - ELECTRONIC LOCATION AND ACCESS
Uniform Resource Identifier <a href="https://www.driversjonas.com">https://www.driversjonas.com</a>
Public note View the item free of charge (registration necessary) at www.driversjonas.com...
942 ## - ADDED ENTRY ELEMENTS (KOHA)
Suppress in OPAC 0
Holdings
Withdrawn status Lost status Source of classification or shelving scheme Damaged status Not for loan Home library Current library Shelving location Date acquired Total Checkouts Full call number Barcode Date last seen Copy number Price effective from Koha item type
    Dewey Decimal Classification     Virtual Virtual Online 11/09/2009   ONLINE PUBLICATION 148374-2001 06/08/2019 1 06/08/2019 Book